00618 2200229 4500001002100000005001500021035002000036008004100056245006400097100001800161250001000179260003900189300003200228020002200260084001400282082000800296650002100304504003000325990001100355990001100366990001100377INLIS00000000001172320220617024037 a0010-0622000233220617 g 0 ind 1 aCara Hebat Bisnis dan Usaha Berkebun Kelapa /cPuput Astuti aPUPUT, Astuti acet.2 a[s.l.] :bForest Publishing,c2018 a103 hal. :bilus. ;c21 cm. a978-602-6348-03-6 a584 PUP c a584 4aTUMBUHAN. KELAPA aBibliografi : hal.102-103 a7610 a a7610 b a5946Aa